Top 15 Things To Do In Tampa - Statistics

General Stats
  • This quiz has been taken 7 times
  • The average score is 2 of 15
Answer Stats
Hint Answer % Correct
1 - Amusement/Theme Park Busch Gardens
100%
4 - Historic District Ybor City
60%
2 - Aquarium The Florida Aquarium
20%
12 - Water Park Adventure Island
0%
9 - Hiking Trail Bayshore Boulevard
0%
7 - Arena/Stadium Benchmark International Arena
0%
11 - Arena/Stadium George M. Steinbrenner Field
0%
6 - Museum Henry B. Plant Museum
0%
8 - Shopping International Plaza
0%
10 - Public Park Lettuce Lake Regional Park
0%
15 - Museum Tampa Bay History Center
0%
3 - Scenic Area Tampa Riverwalk
0%
13 - Theater Tampa Theatre
0%
14 - Tram TECO Line Streetcar
0%
5 - Zoo ZooTampa
0%
No matching quizzes found
Score Distribution
Percent of People with Each Score
Percentile by Number Answered
Your Score History
You have not taken this quiz